[Event "Chigorin Memorial 31st"]
[Site "St Petersburg"]
[Date "2024.10.30"]
[Round "5"]
[White "Semenenko, Sergey"]
[Black "Putintsev, Ilya"]
[Result "1/2-1/2"]
[WhiteElo "1926"]
[BlackElo "1767"]
[PlyCount "100"]
[EventDate "2024.10.26"]
[EventType "swiss"]
[EventRounds "9"]
[EventCountry "RUS"]
[SourceTitle "CB45_2024"]
[Source "ChessBase"]
[SourceDate "2024.11.06"]
[SourceVersion "1"]
[SourceVersionDate "2024.11.06"]
[SourceQuality "1"]

1. d4 Nf6 2. c4 g6 3. Nc3 d5 4. cxd5 Nxd5 5. e4 Nxc3 6. bxc3 Bg7 7. Nf3 c5 8. Rb1 0-0 9. Be2 Nc6 10. d5 Ne5 11. Nxe5 Bxe5 12. Qd2 e6 13. 0-0 exd5 14. exd5 Qf6 15. c4 b6 16. Bd3 Re8 17. Bb2 Bf5 18. Bxe5 Rxe5 19. Bxf5 Qxf5 20. Rbe1 Rae8 21. Rxe5 Qxe5 22. Rd1 Qe2 23. Qxe2 Rxe2 24. Kf1 Re7 25. Re1 Kf8 26. a4 f5 27. a5 Rb7 28. Rb1 Ke7 29. Ke2 Kd6 30. Rb5 Re7+ 31. Kd3 Kc7 32. axb6+ axb6 33. Rb1 Re4 34. f3 Re8 35. Ra1 Kb7 36. g3 Re5 37. h4 h6 38. f4 Re4 39. h5 gxh5 40. Rh1 Rd4+ 41. Kc3 Re4 42. Rxh5 Re3+ 43. Kd2 Rxg3 44. Rxf5 b5 45. Rf7+ Kb6 46. Rf6+ Ka5 47. cxb5 Kxb5 48. Rxh6 c4 49. Rh5 Kb4 50. Rh8 Rd3+ 1/2-1/2

[Event "Chigorin Memorial 31st"]
[Site "St Petersburg"]
[Date "2024.10.29"]
[Round "4"]
[White "Putintsev, Ilya"]
[Black "Sharikov, Alexander"]
[Result "0-1"]
[WhiteElo "1767"]
[BlackElo "2040"]
[PlyCount "42"]
[EventDate "2024.10.26"]
[EventType "swiss"]
[EventRounds "9"]
[EventCountry "RUS"]
[SourceTitle "CB45_2024"]
[Source "ChessBase"]
[SourceDate "2024.11.06"]
[SourceVersion "1"]
[SourceVersionDate "2024.11.06"]
[SourceQuality "1"]

1. e4 e6 2. d4 d5 3. Nd2 Nc6 4. c3 e5 5. exd5 Qxd5 6. Qb3 Qxb3 7. Nxb3 exd4 8. cxd4 Nb4 9. Kd1 Be6 10. Bd2 Nxa2 11. Kc2 Nb4+ 12. Bxb4 Bxb4 13. Ne2 Bf5+ 14. Kc1 Nf6 15. Nf4 Bd6 16. Nd3 0-0 17. f3 h5 18. Kd2 b6 19. Be2 a5 20. Rhd1 Bxh2 21. Rh1 Bg3 0-1

[Event "Chigorin Memorial 30th"]
[Site "St Petersburg"]
[Date "2023.10.29"]
[Round "9"]
[White "Meshcheriakova, Emiliia"]
[Black "Putintsev, Ilya"]
[Result "1/2-1/2"]
[WhiteElo "1674"]
[BlackElo "1879"]
[PlyCount "81"]
[EventDate "2023.10.21"]
[EventType "swiss"]
[EventRounds "9"]
[EventCountry "RUS"]
[SourceTitle "CBM 216 Extra"]
[Source "ChessBase"]
[SourceDate "2023.11.30"]
[SourceVersion "1"]
[SourceVersionDate "2023.11.30"]
[SourceQuality "1"]

1. e4 c5 2. Nf3 e6 3. d4 cxd4 4. Nxd4 Nc6 5. Nc3 Qc7 6. g3 Nf6 7. Bg2 a6 8. 0-0 Bc5 9. Nxc6 bxc6 10. Na4 Be7 11. e5 Nd5 12. Qg4 g6 13. b3 Bb7 14. c4 Nb6 15. Nxb6 Qxb6 16. Be3 c5 17. Rfd1 h5 18. Qe2 Bxg2 19. Kxg2 h4 20. Qf3 Rc8 21. Rd3 Qc6 22. Qxc6 Rxc6 23. Rad1 Rc7 24. Bd2 Rb7 25. f4 Kd8 26. g4 f5 27. g5 Kc8 28. Be1 h3+ 29. Rxh3 Rxh3 30. Kxh3 Kc7 31. Kg3 Rb8 32. Kf3 Kc6 33. Bc3 Rh8 34. Kg3 Ra8 35. h4 Rh8 36. Rd2 Rh7 37. a3 Rh8 38. b4 Rb8 39. Rb2 d5 40. exd6 Bxd6 41. Bd2 1/2-1/2

[Event "Chigorin Memorial 30th"]
[Site "St Petersburg"]
[Date "2023.10.22"]
[Round "2"]
[White "Putintsev, Ilya"]
[Black "Lapin, Petr"]
[Result "1/2-1/2"]
[WhiteElo "1879"]
[BlackElo "2102"]
[PlyCount "52"]
[EventDate "2023.10.21"]
[EventType "swiss"]
[EventRounds "9"]
[EventCountry "RUS"]
[SourceTitle "CBM 216 Extra"]
[Source "ChessBase"]
[SourceDate "2023.11.30"]
[SourceVersion "1"]
[SourceVersionDate "2023.11.30"]
[SourceQuality "1"]

1. e4 e6 2. d4 d5 3. e5 c5 4. c3 Bd7 5. Nf3 Qb6 6. Na3 cxd4 7. cxd4 Nc6 8. Nc2 Rc8 9. Bd3 Nb4 10. Nxb4 Bxb4+ 11. Bd2 Ne7 12. a3 Bxd2+ 13. Qxd2 Nc6 14. Rc1 0-0 15. 0-0 f6 16. b4 fxe5 17. dxe5 Rxf3 18. gxf3 Rf8 19. f4 Qd8 20. b5 Nd4 21. Qe3 Qh4 22. Qxd4 Qg4+ 23. Kh1 Qf3+ 24. Kg1 Qg4+ 25. Kh1 Qf3+ 26. Kg1 Qg4+ 1/2-1/2

[Event "Chigorin Memorial 30th"]
[Site "St Petersburg"]
[Date "2023.10.21"]
[Round "1"]
[White "Budyonny, Fedor"]
[Black "Putintsev, Ilya"]
[Result "0-1"]
[WhiteElo "1171"]
[BlackElo "1879"]
[PlyCount "118"]
[EventDate "2023.10.21"]
[EventType "swiss"]
[EventRounds "9"]
[EventCountry "RUS"]
[SourceTitle "CBM 216 Extra"]
[Source "ChessBase"]
[SourceDate "2023.11.30"]
[SourceVersion "1"]
[SourceVersionDate "2023.11.30"]
[SourceQuality "1"]

1. d4 Nf6 2. Nf3 g6 3. c4 Bg7 4. g3 d5 5. Bg2 0-0 6. 0-0 dxc4 7. Qc2 c5 8. Rd1 cxd4 9. Nxd4 Qb6 10. Na3 e5 11. Nxc4 Qc5 12. Nb3 Qc7 13. Be3 Bf5 14. Qc1 Nbd7 15. Nd6 Qd8 16. Bxb7 Rb8 17. Bxa7 Rxb7 18. Nxb7 Qa8 19. Bc5 Qxb7 20. Bxf8 Bh3 21. f3 Bxf8 22. Qe3 Ng4 23. Rxd7 Qxd7 24. fxg4 Qd5 25. Qf3 e4 26. Qf2 e3 27. Qf3 Qe5 28. Rb1 Qe6 29. Nc1 Bxg4 30. Qf1 Bh3 31. Qf3 Bg4 32. Qf4 h5 33. Qf1 Bh3 34. Qf3 Bg4 35. Qf1 Bf5 36. Ra1 h4 37. Nb3 Qe5 38. Qf4 Qxb2 39. Qxe3 h3 40. Kf2 Qf6 41. Qd4 Qc6 42. Rg1 Be6 43. e3 Qc2+ 44. Qd2 Qf5+ 45. Ke1 Qe4 46. Nd4 Bc4 47. Kf2 Bc5 48. Qc2 Qd5 49. Nb3 Bb6 50. Rc1 Qg2+ 51. Ke1 Qg1+ 52. Kd2 Qxe3+ 53. Kd1 Qg1+ 54. Kd2 Qe3+ 55. Kd1 Bd3 56. Qb2 Qg1+ 57. Kd2 Qxh2+ 58. Kc3 Qxg3 59. Kd2 Be3+ 0-1

[Event "St Petersburg Korchnoi Memorial op"]
[Site "St Petersburg"]
[Date "2023.08.23"]
[Round "8"]
[White "Putintsev, Ilya"]
[Black "Meshcheriakova, Emiliia"]
[Result "1-0"]
[WhiteElo "1877"]
[BlackElo "1649"]
[PlyCount "73"]
[EventDate "2023.08.18"]
[EventType "swiss"]
[EventRounds "9"]
[EventCountry "RUS"]
[SourceTitle "CBM 216 Extra"]
[Source "ChessBase"]
[SourceDate "2023.11.30"]
[SourceVersion "1"]
[SourceVersionDate "2023.11.30"]
[SourceQuality "1"]

1. e4 c5 2. Nf3 d6 3. d4 cxd4 4. Nxd4 Nf6 5. Nc3 a6 6. Bc4 e6 7. Bb3 b5 8. a3 Be7 9. Qf3 Qc7 10. 0-0 Bb7 11. Re1 Nbd7 12. Bxe6 fxe6 13. Nxe6 Qc4 14. Nxg7+ Kf7 15. Nf5 Ne5 16. Qh3 h5 17. Bg5 Qc7 18. Rad1 Rad8 19. Qe3 Qc5 20. Qf4 Ng6 21. Qf3 Ne5 22. Qe2 Qc4 23. Qe3 Qc5 24. Qxc5 dxc5 25. Nxe7 Rxd1 26. Rxd1 Kxe7 27. f4 Nf7 28. e5 Nxg5 29. exf6+ Kxf6 30. fxg5+ Kxg5 31. Rd7 Rb8 32. Ne2 Be4 33. Ng3 Bxc2 34. Rd5+ Kg4 35. Nxh5 c4 36. h3+ Kh4 37. Kh2 1-0

[Event "Chigorin Memorial 29th"]
[Site "St Petersburg"]
[Date "2022.10.25"]
[Round "4"]
[White "Bulavin, Alexander"]
[Black "Putintsev, Ilya"]
[Result "1-0"]
[WhiteElo "2284"]
[BlackElo "1323"]
[PlyCount "175"]
[EventDate "2022.10.22"]
[EventType "swiss"]
[EventRounds "9"]
[EventCountry "RUS"]
[SourceTitle "EXT 2024"]
[Source "ChessBase"]
[SourceDate "2023.10.10"]
[SourceVersion "1"]
[SourceVersionDate "2023.10.10"]
[SourceQuality "1"]

1. d4 Nf6 2. Nf3 g6 3. c4 Bg7 4. Nc3 d5 5. Bg5 Ne4 6. cxd5 Nxg5 7. Nxg5 e6 8. Nf3 exd5 9. e3 0-0 10. b4 c6 11. Be2 Nd7 12. 0-0 Nb6 13. Na4 Nc4 14. Nd2 a5 15. Nxc4 dxc4 16. Qd2 Bf5 17. Rfc1 Re8 18. Bf3 axb4 19. Qxb4 Bf8 20. Qxc4 b5 21. Qxc6 Rxa4 22. Qxb5 Ra5 23. Qe2 Bg7 24. Qb2 Be6 25. a4 Bd5 26. Bxd5 Qxd5 27. Qa2 Qe4 28. Rc7 Qe6 29. Qxe6 Rxe6 30. g3 Rb6 31. Rc4 Kf8 32. Ra2 Ke7 33. Rc7+ Ke6 34. Rac2 Rxa4 35. d5+ Kf6 36. Rd7 Rb8 37. Rc6+ Ke5 38. Rcc7 Bf8 39. Rxf7 Kxd5 40. Rxh7 Ra2 41. Rb7 Rc8 42. Rbc7 Rxc7 43. Rxc7 Ke6 44. h4 Bd6 45. Rc4 Rd2 46. Kg2 Ke5 47. h5 gxh5 48. Rh4 Be7 49. Rxh5+ Ke4 50. g4 Bd6 51. Rb5 Ra2 52. Rf5 Rd2 53. Rf7 Rc2 54. Kh3 Rc5 55. Kh4 Bc7 56. Rf8 Bd6 57. Rf7 Bc7 58. g5 Bd8 59. Rf4+ Ke5 60. Kh5 Ke6 61. Re4+ Kf5 62. Rf4+ Ke6 63. Rg4 Kf5 64. e4+ Ke5 65. g6 Bf6 66. Kh6 Rc7 67. f3 Rg7 68. Rg5+ Ke6 69. Ra5 Rg8 70. Ra6+ Ke7 71. Ra7+ Ke6 72. g7 Bxg7+ 73. Rxg7 Rf8 74. Rg3 Ke5 75. Kg5 Rg8+ 76. Kh4 Rf8 77. Kg4 Rh8 78. Rg2 Rg8+ 79. Kh3 Rh8+ 80. Kg3 Rg8+ 81. Kf2 Ra8 82. Rg5+ Ke6 83. Rf5 Rb8 84. Kg3 Rg8+ 85. Kf4 Rh8 86. Ra5 Rf8+ 87. Ke3 Rb8 88. Ra6+ 1-0